World Capitals Closest to South Tarawa - Statistics

General Stats
  • This quiz has been taken 94 times
  • The average score is 15 of 20
Answer Stats
km capital miles % Correct
4779 Canberra 2970
93%
4749 Wellington 2951
92%
2383 Apia 1481
89%
2248 Suva 1397
88%
5908 Manila 3671
85%
3113 Port Moresby 1934
85%
1294 Funafuti 804
82%
2812 Nuku'alofa 1747
81%
1764 Palikir 1096
81%
2186 Port Vila 1358
81%
713 Yaren 443
79%
5282 Dili 3344
78%
1882 Honiara 1170
78%
665 Majuro 413
75%
4316 Ngerulmud 2682
75%
5144 Tokyo 3196
75%
6113 Taipei 3799
72%
6192 Seoul 3848
60%
2938 A{lofi} 1826
36%
3880 A{varua} 2411
32%
No matching quizzes found
Score Distribution
Percent of People with Each Score
Percentile by Number Answered
Your Score History
You have not taken this quiz